Normal view
MARC view
- Dr. Sajjad Haider Zaidi
Entry Personal Name
001 - CONTROL NUMBER
- control field: 29490
003 - CONTROL NUMBER IDENTIFIER
- control field: NUST
005 - DATE AND TIME OF LATEST TRANSACTION
- control field: 20200827100214.0
008 - FIXED-LENGTH DATA ELEMENTS
- fixed length control field: 200827|| aca||aabn | a|a d
040 ## - CATALOGING SOURCE
- Original cataloging agency: NUST
- Transcribing agency: NUST
100 ## - HEADING--PERSONAL NAME
- Personal name: Dr. Sajjad Haider Zaidi
670 ## - SOURCE DATA FOUND
- Source citation: Work cat.: (NUST): Khan, Saeed Ahmed 29488, To Study Load Flow, Short Circuit and Transient Stability Analysis of a wind Power Plant /, 2015.
